Music Quiz

Random Music or Bands Quiz

Battle of the Bands (9-Letters) Quiz Stats

 Plays Quiz Updated Aug 15, 2013

Also try: Divided Bands
Challenge
Share
Tweet
Embed
Score 0/30 Timer 08:00
1 Play Today
Starts with Band name % Correct
AeAerosmith
97.9%
FoForeigner
79.2%
EuEurythmics
78.9%
MeMetallica
78.7%
NiNickelback
78.4%
MoMotorhead
77%
RaRadiohead
76.5%
BaBananarama
71.8%
EvEvanescence
67.4%
HoHoobastank
66.7%
CiCinderella
65.2%
StSteppenwolf
64.8%
WhWhitesnake
64.5%
SoSoundgarden
59.7%
SuSupertramp
59%
Starts with Band name % Correct
AuAudioslave
52.3%
ScScorpions
51.9%
RaRammstein
50.8%
JaJamiroquai
49.7%
QuQueensryche
41%
KaKajagoogoo
39.9%
SeSemisonic
36.6%
PoPortishead
34.3%
BlBlackstreet
33.4%
SeSepultura
27.8%
SuSugababes / Sugarcubes
24.1%
HeHelloween
22.5%
DiDisturbed
21.5%
PePennywise
18.5%
SiSilverchair
17.8%

You're not logged in!

Compare scores with friends on all Sporcle quizzes.
Join for Free
OR
Log In

You Might Also Like...

Show Comments

Extras

Top Quizzes Today


Score Distribution

Your Account Isn't Verified!

In order to create a playlist on Sporcle, you need to verify the email address you used during registration. Go to your Sporcle Settings to finish the process.

Report this User

Report this user for behavior that violates our Community Guidelines.

Details: